000
00442nam a22001337a 4500
003
SGT
020
_a
8188388807
082
_a
891.4309
_b
K11G
100
_a
गोयल, शिवकुमार
245
_a
क्रांतिकारी आंदोलन : सशस्त्र क्रांति का इतिहास
260
_b
हिंदी साहित्य सदन
_c
2011
300
_a
160
942
_2
ddc
_c
BK
999
_c
31110
_d
31110